Airlines That Operate to New York - Statistics

General Stats
  • This quiz has been taken 166 times
  • The average score is 35 of 83
Answer Stats
Airline % Correct
Air France
87%
American Airlines
87%
British Airways
85%
Lufthansa
85%
Emirates
84%
KLM
82%
Air China
80%
Delta Air Lines
79%
Japan Airlines
74%
Qantas
74%
United Airlines
74%
Singapore Airlines
73%
Qatar Airways
71%
JetBlue
70%
Iberia
68%
Air India
67%
Turkish Airlines
67%
Korean Air
66%
Aer Lingus
65%
Aeroflot
65%
Aeroméxico
62%
Virgin Atlantic
60%
Finnair
59%
Cathay Pacific
56%
Air New Zealand
54%
Etihad Airways
53%
All Nippon Airways
51%
Avianca
50%
El Al
50%
Icelandair
50%
Saudia
50%
WestJet
50%
Alaska Airlines
47%
EgyptAir
47%
Austrian Airlines
46%
Brussels Airlines
46%
Ethiopian Airlines
46%
LOT Polish Airlines
45%
China Airlines
44%
China Eastern Airlines
44%
China Southern Airlines
44%
ITA Airways
44%
EVA Air
42%
Asiana Airlines
41%
Swiss International Air Lines
41%
Royal Air Maroc
40%
Royal Jordanian
39%
Hawaiian Airlines
37%
TAP Air Portugal
36%
Air Serbia
34%
Copa Airlines
34%
Aerolíneas Argentinas
32%
Kenya Airways
32%
XiamenAir
27%
Kuwait Airways
26%
Azerbaijan Airlines
24%
LATAM Chile
23%
Volaris
23%
Air Europa
21%
Air Senegal
21%
Ukraine International Airlines
21%
Uzbekistan Airways
21%
Caribbean Airlines
20%
Condor
20%
Azores Airlines
19%
LATAM Brasil
17%
Level
16%
American Eagle
15%
Neos
15%
VivaAerobús
15%
Philippines Airlines
14%
Cape Air
13%
Cayman Airways
13%
Avianca El Salvador
12%
Avianca Costa Rica
10%
Delta Connection
10%
Eastern Airlines
8%
Avianca Ecuador
7%
Flair Airlines
6%
Volaris Costa Rica
4%
Swoop
3%
Volaris El Salvador
3%
Sky Cana
2%
No matching quizzes found
Score Distribution
Percent of People with Each Score
Percentile by Number Answered
Your Score History
You have not taken this quiz